[Event "Florianopolis op 9th"]
[Site "Florianopolis"]
[Date "2023.01.26"]
[Round "5"]
[White "Valcarcel, Victor Ignacio Sant"]
[Black "Lima Miranda, Caio Cesar"]
[Result "1-0"]
[WhiteElo "1873"]
[BlackElo "1579"]
[PlyCount "93"]
[EventDate "2023.01.23"]
[EventType "swiss"]
[EventRounds "10"]
[EventCountry "BRA"]
[SourceTitle "CBM 212 Extra"]
[Source "ChessBase"]
[SourceDate "2023.03.31"]
[SourceVersion "1"]
[SourceVersionDate "2023.03.31"]
[SourceQuality "1"]

1. e4 c6 2. Nc3 d5 3. d4 Nf6 4. e5 Nfd7 5. Nf3 e6 6. Bd3 Be7 7. 0-0 c5 8. dxc5 Nc6 9. Bf4 0-0 10. Re1 Nxc5 11. h3 a6 12. Rc1 b5 13. Ne2 Bd7 14. c3 Na4 15. Bb1 Nb6 16. Ng3 g6 17. b3 Re8 18. Qe2 Rc8 19. h4 f5 20. exf6 Bxf6 21. h5 e5 22. Bh6 e4 23. Nh2 Bg5 24. Bxg5 Qxg5 25. hxg6 hxg6 26. a4 Ne5 27. a5 Na8 28. Qd1 Bc6 29. Re3 Bb7 30. Ne2 Nf3+ 31. Rxf3 exf3 32. Nxf3 Qf6 33. Ned4 Rcd8 34. Qd3 Rd6 35. g3 Nc7 36. Kg2 Kg7 37. Nh4 Rf8 38. f4 Bc8 39. Re1 Ne6 40. Nxg6 Re8 41. Nf5+ Kg8 42. Rh1 Nxf4+ 43. Nxf4 Bxf5 44. Qxf5 Qxc3 45. Qh7+ Kf8 46. Rf1 Qd2+ 47. Ne2+ 1-0

[Event "Fortaleza Schoonenborch 7th"]
[Site "Fortaleza"]
[Date "2020.02.09"]
[Round "5"]
[White "Lima Miranda, Caio Cesar"]
[Black "De Lima, Theo Magalhaes"]
[Result "0-1"]
[WhiteElo "1629"]
[BlackElo "1406"]
[PlyCount "126"]
[EventDate "2020.02.06"]
[EventType "swiss"]
[EventRounds "6"]
[EventCountry "BRA"]
[SourceTitle "CBM 195 Extra"]
[Source "ChessBase"]
[SourceDate "2020.05.31"]
[SourceVersion "1"]
[SourceVersionDate "2020.05.31"]
[SourceQuality "1"]

1. e4 e5 2. Nf3 Nc6 3. Bc4 Bc5 4. c3 Nf6 5. d4 exd4 6. cxd4 Bb4+ 7. Nc3 Nxe4 8. 0-0 Bxc3 9. d5 Ne7 10. bxc3 0-0 11. Bd3 Nc5 12. Bxh7+ Kh8 13. Ng5 g6 14. Qd4+ f6 15. Qh4 Kg7 16. Ne6+ dxe6 17. Qh6+ Kf7 18. Bxg6+ Nxg6 19. Qh7+ Ke8 20. Qxg6+ Ke7 21. Ba3 b6 22. Rfe1 Qxd5 23. Rad1 Qg5 24. Qe4 Rb8 25. Qc6 Rb7 26. Rxe6+ Bxe6 27. Qxb7 Qe5 28. Qxa7 Rh8 29. g3 Rxh2 30. Kxh2 Qh5+ 31. Kg2 Bh3+ 32. Kg1 Qxd1+ 33. Kh2 Bd7 34. Bxc5+ bxc5 35. Qxc5+ Qd6 36. Qe3+ Kf7 37. Qh6 Qf8 38. Qxf8+ Kxf8 39. Kg2 Ke7 40. Kf3 Kd6 41. Ke4 Kc5 42. Kd3 Bf5+ 43. Kd2 Kc4 44. f3 Bb1 45. a4 Bf5 46. a5 Kb5 47. Ke3 Kxa5 48. Kd4 Kb5 49. Kd5 Kb6 50. c4 c6+ 51. Kd6 Bd3 52. c5+ Kb5 53. Ke6 Kxc5 54. Kxf6 Kb5 55. f4 c5 56. g4 c4 57. g5 c3 58. g6 c2 59. f5 c1Q 60. g7 Qc8 61. Kf7 Qxf5+ 62. Kg8 Bc4+ 63. Kh8 Qh5# 0-1

[Event "Fortaleza Schoonenborch 7th"]
[Site "Fortaleza"]
[Date "2020.02.08"]
[Round "4"]
[White "Costa, Francisco Sergio Vi"]
[Black "Lima Miranda, Caio Cesar"]
[Result "1/2-1/2"]
[WhiteElo "1453"]
[BlackElo "1629"]
[PlyCount "63"]
[EventDate "2020.02.06"]
[EventType "swiss"]
[EventRounds "6"]
[EventCountry "BRA"]
[SourceTitle "CBM 195 Extra"]
[Source "ChessBase"]
[SourceDate "2020.05.31"]
[SourceVersion "1"]
[SourceVersionDate "2020.05.31"]
[SourceQuality "1"]

1. e4 c5 2. Nc3 d6 3. f4 Nf6 4. Nf3 a6 5. g3 Nc6 6. Bg2 g6 7. 0-0 Bg7 8. d3 Qb6 9. Nd5 Nxd5 10. exd5 Nd4 11. Re1 Nxf3+ 12. Qxf3 Qc7 13. c4 0-0 14. h3 Re8 15. g4 b5 16. Re2 Qb6 17. f5 a5 18. Bg5 bxc4 19. dxc4 Bxb2 20. fxg6 hxg6 21. Rf1 Bd4+ 22. Kh1 f6 23. Qe4 Kg7 24. Bxf6+ Bxf6 25. Rxf6 Kxf6 26. Rf2+ Kg7 27. g5 Bf5 28. Rxf5 gxf5 29. Qe6 Rf8 30. Qh6+ Kf7 31. Qh5+ Kg7 32. Qh6+ 1/2-1/2

[Event "Fortaleza Schoonenborch 7th"]
[Site "Fortaleza"]
[Date "2020.02.06"]
[Round "1"]
[White "Lima Miranda, Caio Cesar"]
[Black "Lima, Brayan Theo Milhome"]
[Result "0-1"]
[WhiteElo "1629"]
[BlackElo "1785"]
[PlyCount "80"]
[EventDate "2020.02.06"]
[EventType "swiss"]
[EventRounds "6"]
[EventCountry "BRA"]
[SourceTitle "CBM 195 Extra"]
[Source "ChessBase"]
[SourceDate "2020.05.31"]
[SourceVersion "1"]
[SourceVersionDate "2020.05.31"]
[SourceQuality "1"]

1. e4 c5 2. Nf3 d6 3. d4 cxd4 4. Nxd4 Nf6 5. Nc3 a6 6. Be2 Nbd7 7. Be3 Qc7 8. Qd2 b5 9. f4 Bb7 10. Bf3 Rc8 11. g4 Nc5 12. Nd5 Nxd5 13. exd5 g6 14. 0-0-0 Bg7 15. h4 Na4 16. h5 Nb6 17. hxg6 fxg6 18. Ne6 Bxb2+ 19. Kb1 Qc3 20. Qxc3 Bxc3 21. Bxb6 Kd7 22. Bd4 Bxd4 23. Nxd4 Rc3 24. Kb2 b4 25. Rde1 a5 26. Re2 Ba6 27. Reh2 Rhc8 28. Rxh7 R8c4 29. Nc6 Rxc2+ 30. Kb1 Kc7 31. Nxe7 Rf2 32. Nc6+ Kb6 33. Bd1 Rc5 34. R7h3 Rxd5 35. Ne7 Rdd2 36. Bb3 a4 37. Bf7 Bb7 38. Nxg6 Be4+ 39. Ka1 b3 40. axb3 Ra2# 0-1

[Event "Fortaleza Schoonenborch U1900 6th"]
[Site "Fortaleza"]
[Date "2019.03.08"]
[Round "2.10"]
[White "Vacis, Gabriel Nunes"]
[Black "Lima Miranda, Caio Cesar"]
[Result "0-1"]
[WhiteElo "1320"]
[BlackElo "1556"]
[PlyCount "104"]
[EventDate "2019.03.07"]
[EventType "swiss"]
[EventRounds "6"]
[EventCountry "BRA"]
[SourceTitle "EXT 2022"]
[Source "ChessBase"]
[SourceDate "2021.10.06"]
[SourceVersion "1"]
[SourceVersionDate "2021.10.06"]
[SourceQuality "1"]

1. e4 c5 2. Nf3 d6 3. d4 cxd4 4. Nxd4 Nf6 5. Nc3 a6 6. Be3 g6 7. a3 Bg7 8. Bc4 Bd7 9. 0-0 0-0 10. Nf3 Nc6 11. Qd2 Rc8 12. Bh6 b5 13. Bxg7 Kxg7 14. Ba2 Qb6 15. Rfe1 a5 16. Qe3 Qb7 17. Rad1 b4 18. axb4 axb4 19. Nd5 Nxd5 20. exd5 Na5 21. Qd4+ Kg8 22. Rc1 Bf5 23. Re2 b3 24. Bb1 bxc2 25. Bxc2 Nb3 26. Qd1 Nxc1 27. Qxc1 Bxc2 28. Rxc2 Rxc2 29. Qxc2 Qxd5 30. h3 Rb8 31. Qc3 Qb7 32. Qe1 e6 33. Qd2 Qxb2 34. Qxd6 Qb7 35. Nd4 Qb6 36. Nc6 Rb7 37. Ne7+ Kg7 38. Qxb6 Rxb6 39. Nc8 Rc6 40. Na7 Rc7 41. Nb5 Re7 42. Kh2 e5 43. Nc3 e4 44. Nd1 f5 45. g3 g5 46. Ne3 Kg6 47. Kg2 f4 48. gxf4 gxf4 49. Nd5 Rf7 50. Nc3 e3 51. fxe3 fxe3 52. Ne2 Rf2+ 0-1

[Event "Fortaleza Monte Cup"]
[Site "Fortaleza"]
[Date "2017.04.21"]
[Round "2"]
[White "Lima Miranda, Caio Cesar"]
[Black "Dias Ribeiro, Pedro Roney"]
[Result "0-1"]
[WhiteElo "1800"]
[BlackElo "1711"]
[PlyCount "88"]
[EventDate "2017.04.21"]
[EventType "swiss"]
[EventRounds "6"]
[EventCountry "BRA"]
[SourceTitle "CBM 178 Extra"]
[Source "ChessBase"]
[SourceDate "2017.06.22"]
[SourceVersion "1"]
[SourceVersionDate "2017.06.22"]
[SourceQuality "1"]

1. e4 d6 2. d4 Nf6 3. Nc3 g6 4. Bf4 Bg7 5. Bc4 0-0 6. Nf3 Nbd7 7. Qe2 c5 8. e5 dxe5 9. dxe5 Nh5 10. Be3 Nxe5 11. Nxe5 Bxe5 12. Bxc5 Qc7 13. Ba3 Nf4 14. Qf3 Qxc4 15. Bxe7 Re8 16. 0-0-0 Rxe7 17. Rhe1 Bf6 18. Rxe7 Bxe7 19. Re1 Bf6 20. Re4 Qf1+ 21. Kd2 Bxc3+ 22. bxc3 Ne6 23. g4 Bd7 24. Rb4 Rd8 25. Qd3 Qxf2+ 26. Kc1 Ba4 27. Qe4 Nc5 28. Rxa4 Nxe4 29. Rxe4 Qf1+ 30. Kb2 Qb5+ 31. Rb4 Qa6 32. a3 Rd6 33. a4 Rb6 34. Ka3 Rxb4 35. cxb4 f5 36. gxf5 gxf5 37. h4 f4 38. Kb3 f3 39. h5 f2 40. a5 f1Q 41. Ka2 Qac4+ 42. Kb2 Qfe2 43. Ka3 Qexc2 44. h6 Q4b3# 0-1